000 00355nam a22001457a 4500
003 SGT
020 _a9789386228345
082 _a923.154
_bI17G
100 _aGHOSE, SAGARIKA
245 _aINDIRA : INDIA'S MOST POERFUL PRIME MINISTER
260 _aINDIA
_bJUGGERNAUT PUB.
_c2017
300 _a342
650 _aPRIME MINISTER OF INDIA
942 _2ddc
_cBK
999 _c25865
_d25865